FC Barcelona 2025/26 Squad - Statistics

General Stats
  • This quiz has been taken 65 times
  • The average score is 20 of 23
Answer Stats
Hint Answer % Correct
RW 🇪🇸 Lamine Yamal
100%
FW 🇵🇱 Robert Lewandowski
100%
CM 🇳🇱 Frenkie de Jong
98%
CM 🇪🇸 Pedri
98%
RB 🇫🇷 Jules Koundé
96%
LW 🇧🇷 Raphinha
96%
CB 🇺🇾 Ronald Araujo
95%
FW 🇪🇸 Ferran Torres
91%
CB 🇪🇸 Pau Cubarsí
91%
CM 🇪🇸 Gavi
89%
GK 🇪🇸 Joan García
89%
LW 🏴󠁧󠁢󠁥󠁮󠁧󠁿 Marcus Rashford
89%
CB 🇩🇰 Andreas Christensen
85%
AM 🇪🇸 Dani Olmo
85%
RB 🇵🇹 João Cancelo
84%
LB 🇪🇸 Alejandro Balde
82%
CB 🇪🇸 Eric García
82%
LB 🇪🇸 Gerard Martín
82%
GK 🇵🇱 Wojciech Szczęsny
82%
AM 🇪🇸 Fermín López
80%
DM 🇪🇸 Marc Casadó
65%
DM 🇪🇸 Marc Bernal
62%
RW 🇸🇪 Roony Bardghji
62%
No matching quizzes found
Score Distribution
Percent of People with Each Score
Percentile by Number Answered
Your Score History
You have not taken this quiz